Missing Word: #1 Hits of 1979 Quiz Stats

Quiz Updated Apr 19, 2015

Challenge
Share
Tweet
Embed
Score 0/18 Timer 03:00
4 Plays Today
#1 Hit Song Missing Word % Correct
Da Ya Think I'm _____?Sexy
93.9%
I Will _____Survive
93.8%
_____ My BellRing
93.6%
Escape (The PiƱa _____ Song)Colada
89.6%
_____ StuffHot
86.9%
Don't Stop 'Til You Get _____Enough
80.8%
Knock on _____Wood
80%
Heart of _____Glass
78.6%
Too _____ HeavenMuch
74.2%
#1 Hit Song Missing Word % Correct
My _____Sharona
68.9%
What a _____ BelievesFool
68.4%
_____ TimesGood
58.5%
Heartache _____Tonight
56.4%
_____ GirlsBad
41.8%
Love You _____ OutInside
40.4%
_____ MuzikPop
40.3%
No More _____ (Enough is Enough)Tears
32.7%
_____ EyesSad
32%

Today's Daily Dose

You're not logged in!

Compare scores with friends on all Sporcle quizzes.
Sign Up with Email
OR
Log In

You Might Also Like...

Show Comments

Extras

Top Quizzes Today


Score Distribution

Your Account Isn't Verified!

In order to create a playlist on Sporcle, you need to verify the email address you used during registration. Go to your Sporcle Settings to finish the process.